000 00627cam a22002053a 4500
001 35287
003 PGUSA
005 20140828083748.0
008 110214s2011||||xxu|||||s|||||000 | eng d
040 _aPGUSA
_beng
042 _adc
100 1 _aCastillo, John
245 1 0 _aAwd Isaac, The Steeple Chase, and other Poems :
_bWith a glossary of the Yorkshire Dialect
_h[electronic resource] /
_cJohn Castillo
260 _bProject Gutenberg,
_c2011
506 _aPublic domain in the USA.
516 _aElectronic text
830 0 _aProject Gutenberg
_v35287
856 4 0 _uhttp://www.gutenberg.org/ebooks/35287
942 _cEB
999 _c264542
_d264542